When melody was queen side. 1 & 2 / (Record no. 46101)

MARC details
000 -LEADER
fixed length control field 00954njm a22002657a 4500
005 - DATE AND TIME OF LATEST TRANSACTION
control field 2010091603003.0
007 - PHYSICAL DESCRIPTION FIXED FIELD--GENERAL INFORMATION
fixed length control field sd ammalaaahaa
008 - FIXED-LENGTH DATA ELEMENTS--GENERAL INFORMATION
fixed length control field 100914t xxu||||| |||| 00| 0 eng d
028 ## - PUBLISHER NUMBER
Publisher number ELRZ. 5
Source Regal
035 ## - SYSTEM CONTROL NUMBER
System control number GR-02814
100 ## - MAIN ENTRY--PERSONAL NAME
9 (RLIN) 19854
Personal name Mohd. Rafi
245 ## - TITLE STATEMENT
Title When melody was queen side. 1 & 2 /
Medium [sound recording] :
Statement of responsibility, etc by Mohd. Rafi ; music Shankar Jaikishan ; lyric Selendra
260 ## - PUBLICATION, DISTRIBUTION, ETC. (IMPRINT)
Place of publication, distribution, etc Dum Dum, India
Name of publisher, distributor, etc Regal
Date of publication, distribution, etc n. d.
300 ## - PHYSICAL DESCRIPTION
Extent 1 sound disc [Gramophone record] :
Other physical details analog, 33 1/3 rpm
Dimensions 12 in. (LP)
Type of unit Gramophone record
500 ## - GENERAL NOTE
General note Brief record.
500 ## - GENERAL NOTE
General note Regal
500 ## - GENERAL NOTE
General note Black
505 ## - FORMATTED CONTENTS NOTE
Formatted contents note Ankhiyan milake-rattan, Dilmen chhupa ke pyar ka-aan
650 ## - SUBJECT ADDED ENTRY--TOPICAL TERM
Topical term or geographic name as entry element Classical Music
General subdivision Excerpts
Geographic subdivision India
9 (RLIN) 19855
Form subdivision Filmi song
700 ## - ADDED ENTRY--PERSONAL NAME
9 (RLIN) 1184
Personal name Shankar Jaikishan
700 ## - ADDED ENTRY--PERSONAL NAME
9 (RLIN) 19963
Personal name Selendra
700 ## - ADDED ENTRY--PERSONAL NAME
9 (RLIN) 20097
942 ## - ADDED ENTRY ELEMENTS (KOHA)
Source of classification or shelving scheme Dewey Decimal Classification
Item type Gramaphone Records
Holdings
Withdrawn status Lost status Source of classification or shelving scheme Damaged status Not for loan Collection code Home library Current library Date acquired Source of acquisition Total Checkouts Barcode Date last seen Copy number Price effective from Koha item type
    Dewey Decimal Classification   Not For Loan Non-fiction Central Library Central Library 16/09/2010 SED/VEN   GR-02814 16/09/2010 1 16/09/2010 Gramaphone Records

© Delhi Public Library
Hit Counter
free hit counter